Love me do : 50 osudových dnů ze života Beatles /
Uloženo v:
| Hlavní autor: | |
|---|---|
| Médium: | Kniha |
| Jazyk: | Czech |
| Vydáno: |
[Praha] :
Slovart,
2013
|
| Vydání: | Vyd. 1. |
| Témata: | |
| Celkem bylo vypůjčeno: | 3x |
| Příbuzné jednotky: | Přeloženo z:
Love me do. 50 great Beatles moments |
| Tagy: |
Žádné tagy |
| LEADER | 02397nam a2200613 a 4500 | ||
|---|---|---|---|
| 001 | 97781 | ||
| 003 | CZ PrNK | ||
| 005 | 20220712090203.0 | ||
| 007 | ta | ||
| 008 | 130613s2013 xr ac e 001 0ccze | ||
| 015 | |a cnb002467701 | ||
| 020 | |a 9788073917142 | ||
| 040 | |a BOA001 |b cze |d ABA001 |e aacr2 | ||
| 041 | 1 | |a cze |h eng | |
| 072 | 7 | |a 78.07 |x Hudebníci, skladatelé a jiná hudební povolání |2 Konspekt |9 9 | |
| 072 | 7 | |a 929 |x Biografie |2 Konspekt |9 8 | |
| 080 | |a 929 |2 MRF | ||
| 080 | |a 78.071.1/.2 |2 MRF | ||
| 080 | |a 785.16.071 |2 MRF | ||
| 080 | |a 78.03.011.26 |2 MRF | ||
| 080 | |a (410.1) |2 MRF | ||
| 080 | |a (092) |2 MRF | ||
| 080 | |a (0:82-96) |2 MRF | ||
| 080 | |a (084.12) |2 MRF | ||
| 100 | 1 | |a Hewitt, Paolo, |d 1958- |7 mzk2013766763 |4 aut |9 113305 | |
| 245 | 1 | 0 | |a Love me do : |b 50 osudových dnů ze života Beatles / |c Paolo Hewitt ; [z anglického originálu ... přeložil Michael Talián] |
| 246 | 3 | |a Padesát osudových dnů ze života Beatles | |
| 246 | 3 | 0 | |a 50 osudových dnů ze života Beatles |
| 250 | |a Vyd. 1. | ||
| 260 | |a [Praha] : |b Slovart, |c 2013 | ||
| 300 | |a 272 s. : |b il., portréty ; |c 23 cm | ||
| 500 | |a Chronologický přehled | ||
| 504 | |a Obsahuje bibliografii a rejstřík | ||
| 610 | 2 | 7 | |a Beatles |7 ko2002101672 |2 czenas |
| 648 | 7 | |a 20. století |7 ch460558 |2 czenas |9 52888 | |
| 648 | 7 | |a 20.-21. století |7 ch462155 |2 czenas |9 53009 | |
| 650 | 0 | 7 | |a hudebníci |7 ph117204 |y 20.-21. století |z Anglie |2 czenas |
| 650 | 0 | 7 | |a hudební skupiny |7 ph120924 |y 20. století |z Anglie |2 czenas |
| 650 | 0 | 7 | |a populární hudba |7 ph124352 |y 20.-21. století |z Anglie |2 czenas |
| 650 | 0 | 9 | |a musicians |y 20th-21st centuries |z England |2 eczenas |
| 650 | 0 | 9 | |a musical groups |y 20th century |z England |2 eczenas |
| 650 | 0 | 9 | |a popular music |y 20th century |z England |2 eczenas |
| 655 | 7 | |a biografie |7 fd131909 |2 czenas |9 53508 | |
| 655 | 7 | |a literatura faktu |7 fd132773 |2 czenas |9 53694 | |
| 655 | 7 | |a fotografické publikace |7 fd132276 |2 czenas |9 53599 | |
| 655 | 9 | |a biography |2 eczenas | |
| 655 | 9 | |a non-fiction |2 eczenas | |
| 655 | 9 | |a photographical works |2 eczenas | |
| 765 | 0 | |t Love me do. 50 great Beatles moments | |
| 765 | 1 | |t 50 great Beatles moments | |
| 910 | |a UOG502 | ||
| 942 | |2 ddc |c KN | ||
| 999 | |d 97781 | ||
| 993 | |0 0 |1 421180098137 |2 ddc |4 0 |6 78_000000000000000 |7 0 |9 87263 |b 0 |c 98137 |d 2022-07-12 |e 3 |f DOSP |g 78 |h 600.00 |i jiné |l DOSP |m 1 |r 2023-01-04 |s 2022-12-16 |t 5 |w 2022-07-12 |y KN |z NAUCNA | ||